Turkish Super League Top Scorers - Statistics

General Stats
  • This quiz has been taken 90 times
  • The average score is 31 of 69
Answer Stats
Season Goal Team Nationality Answer % Correct
2023-2024 25 Galatasaray Argentina Mauro Icardi
97%
2011-2012 33 Trabzonspor Turkey Burak Yilmaz
94%
2012-2013 24 Galatasaray Turkey Burak Yilmaz
94%
2022-2023 29 Fenerbahçe Ecuador Enner Valencia
90%
2019-2020 24 Trabzonspor Norway Alexande Sorloth
87%
2015-2016 26 Beşiktaş Germany Mario Gomez
86%
1996-1997 38 Galatasaray Turkey Hakan Sukur
85%
1997-1998 32 Galatasaray Turkey Hakan Sukur
85%
1998-1999 19 Galatasaray Turkey Hakan Sukur
85%
2017-2018 29 Galatasaray France Bafetimbi Gomis
84%
2018-2019 30 Kasımpaşa/Galatasaray Senegal Mbaye Diagne
82%
2006-2007 19 Fenerbahçe Brazil Alex de Souza
80%
2010-2011 28 Fenerbahçe Brazil Alex de Souza
80%
2000-2001 23 Bursaspor Turkey Okan Yilmaz
75%
2002-2003 24 Bursaspor Turkey Okan Yilmaz
75%
2020-2021 22 Hatayspor Gabon Aaron Boupendza
72%
1959 11 Galatasaray Turkey Metin Oktay
70%
1959-1960 33 Galatasaray Turkey Metin Oktay
70%
1960-1961 36 Galatasaray Turkey Metin Oktay
70%
1962-1963 38 Galatasaray Turkey Metin Oktay
70%
1964-1965 17 Galatasaray Turkey Metin Oktay
70%
1968-1969 17 Galatasaray Turkey Metin Oktay
70%
2007-2008 17 Fenerbahçe Turkey Semih Senturk
68%
1985-1986 33 Samsunspor Turkey Tanju Colak
68%
1986-1987 25 Samsunspor Turkey Tanju Colak
68%
1987-1988 39 Galatasaray Turkey Tanju Colak
68%
1990-1991 31 Galatasaray Turkey Tanju Colak
68%
1992-1993 27 Fenerbahçe Turkey Tanju Colak
68%
2008-2009 20 Galatasaray Czech Rep Milan Baros
65%
2021-2022 20 Kasımpaşa Turkey Umut Bozok
65%
2014-2015 22 Bursaspor Brazil Fernandao
63%
2016-2017 23 Alanyaspor Brazil Vagner Love
59%
1988-1989 29 Fenerbahçe Turkey Aykut Kocaman
58%
1991-1992 25 Fenerbahçe Turkey Aykut Kocaman
58%
1994-1995 27 Fenerbahçe Turkey Aykut Kocaman
58%
2004-2005 31 Trabzonspor Turkey Fatih Tekke
57%
1989-1990 28 Beşiktaş Turkey Feyyaz Ucar
47%
2013-2014 17 Sivasspor Morocco Aatif Chahechouhe
44%
2001-2002 21 Galatasaray Turkey Arif Erdem
42%
2001-2002 21 Beşiktaş Turkey Ilhan Mansiz
42%
1995-1996 25 Trabzonspor Georgia Shota Arveladze
42%
2005-2006 25 Kayserispor Turkey Gokhan Unal
33%
1999-2000 30 Samsunspor Turkey Serkan Aykut
27%
1979-1980 12 Altay Turkey Mustafa Denizli
15%
1973-1974 14 Fenerbahçe Turkey Cemil Turan
14%
1975-1976 17 Fenerbahçe Turkey Cemil Turan
14%
1977-1978 17 Fenerbahçe Turkey Cemil Turan
14%
1981-1982 16 Fenerbahçe Turkey Selcuk Yula
14%
1982-1983 19 Fenerbahçe Turkey Selcuk Yula
14%
2003-2004 25 Konyaspor Turkey Zafer Biryol
10%
1983-1984 16 Galatasaray Yugoslavia Tarik Hodzic
9%
2009-2010 21 Kayserispor Portugal Ariza Makakula
8%
1993-1994 22 Fenerbahçe Turkey Bulent Uygun
8%
1961-1962 21 Ankara Demirspor Turkey Fikri Elma
6%
1970-1971 16 Fenerbahçe Turkey Ogun Altiparmak
6%
1969-1970 13 Eskişehirspor Turkey Fethi Heper
5%
1971-1972 20 Eskişehirspor Turkey Fethi Heper
5%
1984-1985 20 Sakaryaspor Turkey Aykut Yigit
4%
1980-1981 15 Adanaspor Turkey Bora Ozturk
4%
1967-1968 19 Göztepe Turkey Fevzi Zemzem
3%
1975-1976 17 Ankaragücü Turkey Ali Osman Renklibay
1%
1963-1964 19 Beşiktaş Turkey Guven Onut
1%
1979-1980 12 Bursaspor Turkey Bahtiyar Yorulmaz
0%
1965-1966 20 Ankaragücü Turkey Ertan Adatepe
0%
1966-1967 18 Ankaragücü Turkey Ertan Adatepe
0%
1976-1977 18 Trabzonspor Turkey Necmi Perekli
0%
1974-1975 14 Eskişehirspor Turkey Omer Kaner
0%
1972-1973 16 Fenerbahçe Turkey Osman Arpacioglu
0%
1978-1979 15 Adanaspor Turkey Ozer Umdu
0%
No matching quizzes found
Score Distribution
Percent of People with Each Score
Percentile by Number Answered
Your Score History
You have not taken this quiz